000 00291nam a22001337a 4500
008 170911b xxu||||| |||| 00| 0 eng d
020 _a9780060156534
041 _aeng
080 _a52
100 _a42
101 _aAST
245 _aBEYOND THE BLUE HORIZON
_cKRUPP,E.C
942 _2udc
_cBK
999 _c27013
_d27013